<?xml version="1.0" encoding="UTF-8"?>
<marc:record xmlns:marc="http://www.loc.gov/MARC21/slim">
   <marc:leader>00000nam a2200000 a 4500</marc:leader>
   <marc:datafield ind1="1" ind2=" " tag="100">
      <marc:subfield code="a">Gruschka, Helga</marc:subfield>
      <marc:subfield code="4">aut</marc:subfield>
      <marc:subfield code="e">Verfasser/-in</marc:subfield>
   </marc:datafield>
   <marc:datafield ind1="1" ind2=" " tag="100">
      <marc:subfield code="a">Englert, Sylvia</marc:subfield>
      <marc:subfield code="4">aut</marc:subfield>
      <marc:subfield code="e">Verfasser/-in</marc:subfield>
   </marc:datafield>
   <marc:datafield ind1=" " ind2=" " tag="653">
      <marc:subfield code="a">Erzählen</marc:subfield>
   </marc:datafield>
   <marc:datafield ind1=" " ind2=" " tag="653">
      <marc:subfield code="a">Kindergartenpädagogik</marc:subfield>
   </marc:datafield>
   <marc:datafield ind1=" " ind2=" " tag="653">
      <marc:subfield code="a">Unterricht</marc:subfield>
   </marc:datafield>
   <marc:datafield ind1=" " ind2=" " tag="653">
      <marc:subfield code="a">Lehrmittel</marc:subfield>
   </marc:datafield>
   <marc:datafield ind1="0" ind2="0" tag="245">
      <marc:subfield code="a">Geschichten-Erfinder</marc:subfield>
   </marc:datafield>
   <marc:datafield ind1="0" ind2="0" tag="245">
      <marc:subfield code="b">mit Kindern freies Erzählen üben ; [Werkstatt mit Geschichtenbauplan!</marc:subfield>
   </marc:datafield>
   <marc:datafield ind1="0" ind2="0" tag="245">
      <marc:subfield code="c">Helga Gruschka ; Sylvia Englert</marc:subfield>
   </marc:datafield>
   <marc:datafield ind1=" " ind2="1" tag="264">
      <marc:subfield code="a">München</marc:subfield>
      <marc:subfield code="b">Don Bosco</marc:subfield>
      <marc:subfield code="c">2008</marc:subfield>
   </marc:datafield>
   <marc:datafield ind1=" " ind2=" " tag="250">
      <marc:subfield code="a">1. Aufl.</marc:subfield>
   </marc:datafield>
   <marc:datafield ind1="1" ind2=" " tag="520">
      <marc:subfield code="a">Angaben aus der Verlagsmeldung

Die Geschichtenerfinderwerkstatt : Mit Kindern freies Erzählen üben / von Helga Gruschka, Sylvia Englert

Erzählen ist die älteste Kunst- und Kulturform des Menschen. Die „Geschichtenerfinderwerkstatt“ macht Lust auf freies Erzählen und hilft, es mit Kindern einzuüben. Bekannte Märchen und Geschichten zu erzählen, ist dabei aber nur der halbe Spaß. Noch spannender ist es, mit Kindern selbst Geschichten zu erfinden. Diese können weitererzählt, nachgespielt, gemalt … werden. Erzählanlässe gibt es immer reichlich: ein krankes Kind, eine Geburtstagsparty, ein Regentag, ein gemeinsamer Spaß im Urlaub oder gezielte Sprachförderung in der Gruppe. Herzstück des Buches ist der „Geschichtenbauplan“, ein von Helga Gruschka aus der Erzählpraxis entwickeltes Werkzeug. Er ist als herausnehmbares Plakat hinten im Buch eingelegt und unterstützt die Kinder beim Erfinden eigener Storys. Die „Geschichtenerfinderwerkstatt“ ist für Erzieherinnen, Lehrerinnen, Krankenschwestern, Kinderärzte wie auch für Eltern und Großeltern von Kindern zwischen 5 und 10 Jahren geeignet.
</marc:subfield>
   </marc:datafield>
   <marc:datafield ind1=" " ind2=" " tag="020">
      <marc:subfield code="a">9783769816624</marc:subfield>
      <marc:subfield code="9">9783769816624</marc:subfield>
   </marc:datafield>
   <marc:datafield ind1=" " ind2=" " tag="041">
      <marc:subfield code="a">ger</marc:subfield>
   </marc:datafield>
   <marc:datafield ind1=" " ind2=" " tag="300">
      <marc:subfield code="a">139 S.</marc:subfield>
   </marc:datafield>
</marc:record>
